000 00677nam a2200229Ia 4500
003 OSt
005 20221006164507.0
006 a|||||r|||| 00| 0
007 ta
008 221006b |||||||| |||| 00| 0 hin d
024 _a5,375
037 _cTextual
040 _aFML
_cFML
_bhin
041 _2hin
_ahin
082 _aY744410m52451:351, M7
100 _aVasisth Savitri Au.
_9677631
245 0 _aBrij Aur Hariyana Ke Lok Sahitya Main Chitrit Lok Jeevan
260 _aChandigarh
_bHariyana Sahitya Acadmy India
_c1987
300 _a392
_ccm.
942 _hY744410m52451:351, M7
_cTEXL
_2CC
999 _c1117458
_d1117458